Basic electrical and electronics engineering / (رقم التسجيلة. 30263)

تفاصيل مارك
000 -الفاتح
حقل البيانات ثابتة الطول 00586nam a22002057a 4500
003 - محدد رقم الضبط
رقم الضبط OSt
005 - وقت وتاريخ اخر تعامل مع التسجيلة
رقم الضبط 20150408114135.0
008 - عناصر البيانات ثابتة الطول - معلومات عامة
حقل البيانات ثابتة الطول 130804s2013 ii a f 001 0 eng d
020 ## - الرقم الدولى المعيارى للكتب
الرقم الدولى المعيارى للكتاب 9781118546758
040 ## - مصدر الفهرسة
وكالة الفهرسة الأصلية Ma-Un
082 ## - رقم تصنيف ديوى العشرى
رقم التصنيف 621.3
رقم المادة JVB
رقم الطبعة 21
100 1# - المدخل الرئيسى - إسم شخصى
رمز الرابط Jegathesan, v.
245 10 - بيان العنوان
العنوان Basic electrical and electronics engineering /
بيان المسئوليه,etc v. Jegathesan, K. vinothkumar, R. saravanakumar
250 ## - بيان الطبعة
بيان الطبعة 1 st. ed.
260 ## - PUBLICATION, DISTRIBUTION, ETC. (IMPRINT)
مكان الناشر او الموزع New Delhi :
اسم الناشر او الموزع Wiley,
تاريخ النشر أو التوزيع 2013.
300 ## - الوصف المادى
التعداد 526 p. :
تفاصيل ماديه اخرى للوعاء ill :
أبعاد الوعاء 26 cm.
650 #0 - المدخل الاضافى بالموضوع-مصطلح موضوعى
مصطلح موضوعي أو اسم جغرافي كعنصر مدخل Electric engineering
9 (RLIN) 36282
650 #0 - المدخل الاضافى بالموضوع-مصطلح موضوعى
مصطلح موضوعي أو اسم جغرافي كعنصر مدخل Electronics
942 ## -
-- ddc
-- DVD
999 ## -
-- 30263
-- 264763
المقتنيات
حالة الفقد نموذج السعر الفعال حالة تلف ليس للاعارة رقم الطلب رقم النسخة تاريخ الاكتساب Serial Enumeration / chronology الباركود الفرع الرئيسي Date last seen نوع المادة فى نظام كوها مصدر التصنيف او خطة الترفيف Total Checkouts
  2013-08-04   Not For Loan 621.3 JVB 1 2013-08-04 CL 00205911 المكتبة المركزية بالمجمعة (CL) 2013-08-04 كتاب Dewey Decimal Classification  
  2013-08-04     621.3 JVB 2 2013-08-04 CL 00205912 المكتبة المركزية بالمجمعة (CL) 2013-08-04 كتاب Dewey Decimal Classification  
  2013-08-04     621.3 JVB 3 2013-08-04 CL 00205913 المكتبة المركزية بالمجمعة (CL) 2013-08-04 كتاب Dewey Decimal Classification